Of bread, noodles and rice : a geographical study of food in Singapore /
Saved in:
| 主要作者: | |
|---|---|
| 格式: | Thesis 图书 |
| 语言: | English |
| 出版: |
1992.
|
| 主题: | |
| 标签: |
添加标签
没有标签, 成为第一个标记此记录!
|
| LEADER | 00761cam a2200229 a 4500 | ||
|---|---|---|---|
| 001 | u330033 | ||
| 003 | SIRSI | ||
| 008 | 930810s1992 si v 00 1 eng m | ||
| 035 | |a ABP-3191 | ||
| 040 | |a UMM | ||
| 043 | |a a-si--- | ||
| 090 | |a GT2853 |b S55Lee | ||
| 100 | 1 | 0 | |a Lee, Hong Geok. |
| 245 | 1 | 0 | |a Of bread, noodles and rice : |b a geographical study of food in Singapore / |c by Lee Hong Geok. |
| 260 | |c 1992. | ||
| 300 | |a xiv, 287 leaves : |b ill. ; |c 30 cm. | ||
| 502 | |a Dissertation (M.A.) -- National University of Singapore, 1992. | ||
| 504 | |a Bibliography: leaves 271-287. | ||
| 650 | 0 | |a Food habits |z Singapore. | |
| 948 | |a 10/08/1993 |b 20/08/2002 | ||
| 596 | |a 1 | ||
| 999 | |a GT2853 S55LEE [F] |w LC |c 1 |i A504455030 |d 26/3/1997 |l STACKS |m P01UTAMA |n 4 |r Y |s Y |t TESIS |u 25/8/1993 | ||
